| 000 | 01166cam a22002174a 4500 | ||
|---|---|---|---|
| 005 | 20250605163934.0 | ||
| 008 | 250528s ||||||||||||||||||||||||d | ||
| 035 | _a14823 | ||
| 020 | _a803989903 | ||
| 040 |
_aGR-AtMCL _bgre _dGR-AtMCL _eAACR2 |
||
| 245 | 1 | _aSocial Cognition / An Integrated Introduction | |
| 250 | _a1st | ||
| 260 |
_bSage Publications, _c1995 |
||
| 300 | _a346 | ||
| 520 | _aThis comprehensive introduction to social cognition is the first successfully to integrate the distinct traditions that have grown up on different sides of the Atlantic over the past twenty years. Preface, Introduction, Theoretical Perspectives in Social Cognition, Attitudes, Social Schemas, Attributions, Social Identity, Social Representations, Integrations and Applications and Challenges, Social Schemas and Social Representations, Attributions and Social Representations, Stereotypes and Prejudice and Intergroup Attributions, Postmodern Challenges to Social Cognition, The Social Psychological Study of Ideology, References, Index. | ||
| 700 | 1 |
_aAugoustinos Martha _9586 |
|
| 700 | 1 |
_aWalker Iain _9587 |
|
| 942 | _cBK | ||
| 999 |
_c437 _d437 |
||